000 00648nam a2200253Ia 4500
005 20260121154818.0
008 008 260114s9999 xx 000 0 eng d
020 _a9780429329395
037 _aEBOOK
040 _aCRL
040 _beng
040 _cCRL
041 _2eng
041 _aeng
084 _qCRL
100 _a Jon Stobart; Dag Lindstr”m; Alida Clemente
_91011805
245 0 _aMicro-geographies of the Western City, c.1750?1900
260 _bTaylor and Francis
260 _c2021
856 _uhttp://www.taylorfrancis.com/books/9780429329395
942 _cEBOOK
999 _c1578624
_d1578624